| 000 | 00520nam a2200193 i 4500 | ||
|---|---|---|---|
| 001 | 28666 | ||
| 003 | ES-MaACL | ||
| 005 | 20251120063123.0 | ||
| 007 | t| | ||
| 008 | 030117s1929 sp ||||1| spa d | ||
| 100 | 1 |
_aBalmes, Jaime, _d1810-1848 _925096 |
|
| 245 | 1 | 3 |
_aEl criterio / _cpor Jaime Balmes. |
| 250 | _aNueva ed. | ||
| 260 |
_aMadrid : _b[s.n.], _c1929 ( _fImp. La Rafa) |
||
| 300 |
_a238 p. ; _c23 cm. |
||
| 650 | 4 |
_aEpistemología. _912338 |
|
| 852 |
_aES-MaACL _jB-537 |
||
| 999 |
_c28666 _d28666 |
||